000 00675nam a2200193Ia 4500
008 151121s9999||||xx |||||||||||||| ||und||
082 _a833-/उदय
082 _bHNW-64657
100 _aउदय प्रकाश
245 _aऔर अंत में प्रार्थना
260 _b"आधार प्रकाशन, पंचकुला-हरियाणा"
260 _c--
300 _a174
600 _aउदय प्रकाश
630 _aऔर अंत में प्रार्थना
700 _aउदय प्रकाश
730 _aऔर अंत में प्रार्थना
942 _cBOOK
999 _c1246183
_d1246180